| 000 | 01200nam2a2200229 4500 | ||
|---|---|---|---|
| 001 | rc\2666243 | ||
| 005 | 20260315044028.0 | ||
| 035 | _a(NLR Aleph) 006972766 | ||
| 090 |
_a13567220 _c13567220 |
||
| 100 | _a20110619d1931 u y0rusy50 ca | ||
| 101 | 0 | _arus | |
| 102 | _aRU | ||
| 105 | _aa z ||||| | ||
| 200 | 0 | _aЧ. 1 | |
| 210 | _d1931 | ||
| 215 |
_a191 с. _cил. |
||
| 461 | 0 |
_1001rc\2666242 _12000#$aСоветский Казакстан. Ч. 1$eКнига для чтения и работы 3-го года обуч. в рус. школах Казакстана Составлена Коллективом работников 1-й ступ. КАЗПИ и Казнаркомпроса$vЧ. 1 _95457134 _cМосква _d1931 _nОгиз - Казакстанск. краев. изд. _oКнига для чтения и работы 3-го года обуч. в рус. школах Казакстана Составлена Коллективом работников 1-й ступ. КАЗПИ и Казнаркомпроса _tСоветский Казакстан. Ч. 1 _vЧ. 1 |
|
| 801 | 0 |
_aRU _bNLR _gpsbo |
|
| 801 | 1 |
_aRU _bELAR _2rusmarc |
|
| 852 |
_aNLR _j32-13/3(1) |
||
| 942 | _cUNSPEC | ||
| 980 | _aNB | ||